000
00321nam a22001337a 4500
008
180206b xxu||||| |||| 00| 0 eng d
020
_a
9781551117126
041
_a
eng
080
_a
32
100
_a
19
101
_a
POL
245
_a
Canada and the united states: differences that count
_c
Thomas,D.M
942
_2
udc
_c
BK
999
_c
41876
_d
41876